000 00815nam a2200241Ia 4500
003 OSt
005 20220923212120.0
006 a|||||r|||| 00| 0
007 ta
008 220922b |||||||| |||| 00| 0 hin d
024 _a150,810
037 _cTextual
040 _aARTS
_cARTS
_bhin
041 _2hin
_ahin
082 _aMY2121, 152M2
100 _aभल्ला, अजय; लौ, सुरेश कुमार
_9162138
245 0 _aफुटबाल और फुटबाल
246 _aFuṭabāl aur fuṭabāla
260 _aनई दिल्ली
_b खेल जगत प्रकाशन
_c1982
300 _a144पृ.
_ccm.
942 _hMY2121, 152M2
_cTEXL
_2CC
999 _c306490
_d306490